000
00314nam a2200121Ia 4500
008
191201s2014 xx 000 0 und d
100
_a
BRUEGGE, Bernd
245
0
_a
Object Oriented Software Engineering : Using UML
260
_a
N. Delhi
_b
Pearson
_c
2014
300
_a
723
650
_a
M.Tech(CSE)
942
_2
ddc
_c
BK
999
_c
6230
_d
6230